[Event "Ch_SFO"]
[Site "?"]
[Date "2018.03.20"]
[Round "8.16"]
[White "Kyshtymov, Daniil"]
[Black "Vlassov, Nikolai"]
[Result "1/2-1/2"]
[BlackElo "2457"]
[WhiteElo "2217"]
[LiveChessVersion "1.4.8"]

1. e4 {[%clk 1:30:00]} Nc6 {[%clk 1:30:57]} 2. Nf3 {[%clk 1:30:14]} d5
{[%clk 1:31:25]} 3. exd5 {[%clk 1:30:27]} Qxd5 {[%clk 1:31:53]} 4. Nc3
{[%clk 1:30:36]} Qa5 {[%clk 1:32:22]} 5. Bb5 {[%clk 1:30:13]} Bd7
{[%clk 1:32:49]} 6. O-O {[%clk 1:30:02]} a6 {[%clk 1:32:37]} 7. Bxc6
{[%clk 1:15:54]} Bxc6 {[%clk 1:32:36]} 8. d4 {[%clk 1:16:09]} Qh5
{[%clk 1:31:14]} 9. d5 {[%clk 1:02:05]} Rd8 {[%clk 1:28:22]} 10. Bf4
{[%clk 0:56:45]} Nf6 {[%clk 1:27:48]} 11. Bxc7 {[%clk 0:51:23]} Rd7
{[%clk 1:26:07]} 12. dxc6 {[%clk 0:49:31]} Rxc7 {[%clk 1:23:41]} 13. cxb7
{[%clk 0:47:33]} Rxb7 {[%clk 1:24:04]} 14. Qd3 {[%clk 0:41:39]} Qa5
{[%clk 1:22:44]} 15. a3 {[%clk 0:27:56]} e6 {[%clk 1:22:12]} 16. b4
{[%clk 0:28:09]} Qb6 {[%clk 1:22:24]} 17. Ne4 {[%clk 0:25:35]} Be7
{[%clk 1:22:08]} 18. c4 {[%clk 0:25:39]} O-O {[%clk 1:22:19]} 19. c5
{[%clk 0:25:17]} Qc6 {[%clk 1:22:22]} 20. Nxf6+ {[%clk 0:20:31]} Bxf6
{[%clk 1:22:44]} 21. Rab1 {[%clk 0:13:49]} a5 {[%clk 1:21:20]} 22. Rfc1
{[%clk 0:11:47]} Rfb8 {[%clk 1:17:30]} 23. bxa5 {[%clk 0:06:40]} Qxc5
{[%clk 1:17:09]} 24. a6 {[%clk 0:06:32]} Rxb1 {[%clk 1:17:14]} 25. Rxb1
{[%clk 0:06:59]} Rd8 {[%clk 1:14:39]} 26. Qe3 {[%clk 0:03:03]} Qc2
{[%clk 1:14:29]} 27. Rc1 {[%clk 0:03:12]} Qa4 {[%clk 1:10:36]} 28. a7
{[%clk 0:03:30]} g6 {[%clk 1:10:55]} 29. g3 {[%clk 0:03:25]} Kg7 {[%clk 1:10:39]}
30. Rc7 {[%clk 0:01:42]} Rd1+ {[%clk 1:08:09]} 31. Kg2 {[%clk 0:02:09]} Qa5
{[%clk 1:05:16]} 32. Qc5 {[%clk 0:00:44]} Qa6 {[%clk 1:02:23]} 33. Qc4
{[%clk 0:00:52]} Qxc4 {[%clk 1:02:46]} 34. Rxc4 {[%clk 0:01:20]} Rd8
{[%clk 1:03:14]} 35. Rb4 {[%clk 0:00:32]} Ra8 {[%clk 1:03:37]} 36. Rb7
{[%clk 0:00:38]} g5 {[%clk 1:03:05]} 37. h3 {[%clk 0:00:32]} h5 {[%clk 1:03:28]}
38. g4 {[%clk 0:00:32]} hxg4 {[%clk 1:03:57]} 39. hxg4 {[%clk 0:00:57]} Kg6
{[%clk 1:04:21]} 40. Kf1 {[%clk 0:00:44]} Bg7 {[%clk 1:02:41]} 41. Ke2
{[%clk 0:01:01]} f5 {[%clk 1:01:53]} 42. gxf5+ {[%clk 0:00:50]} exf5
{[%clk 1:02:19]} 43. Nxg5 {[%clk 0:00:39]} Bd4 {[%clk 1:02:23]} 44. Ne6
{[%clk 0:00:35]} Rxa7 {[%clk 1:01:43]} 45. Rxa7 {[%clk 0:00:45]} Bxa7
{[%clk 1:02:12]} 46. a4 {[%clk 0:00:35]} Kf6 {[%clk 1:02:39]} 47. Nd8
{[%clk 0:00:32]} Bc5 {[%clk 1:02:26]} 48. Nc6 {[%clk 0:00:33]} Ke6
{[%clk 1:02:50]} 49. f3 {[%clk 0:00:33]} Kd5 {[%clk 1:02:04]} 50. Na5
{[%clk 0:00:34]} Bb6 {[%clk 1:01:30]} 51. Nb3 {[%clk 0:00:44]} Kc4
{[%clk 1:01:41]} 52. Nd2+ {[%clk 0:00:35]} Kb4 {[%clk 1:00:46]} 53. Kd3
{[%clk 0:00:55]} Bf2 {[%clk 0:59:57]} 54. Nc4 {[%clk 0:00:44]} Kxa4
{[%clk 1:00:20]} 55. Ne3 {[%clk 0:00:35]} f4 {[%clk 1:00:37]} 56. Nd5
{[%clk 0:00:56]} Bg3 {[%clk 0:59:56]} 57. Ke4 {[%clk 0:00:47]} Kb5
{[%clk 1:00:20]} 58. Nxf4 {[%clk 0:01:06]} Kc6 {[%clk 1:00:46]} 59. Nh5
{[%clk 0:00:34]} Bh2 {[%clk 1:00:54]} 60. Nf6 {[%clk 0:00:33]} Kd6
{[%clk 1:01:03]} 61. Ng4 {[%clk 0:00:55]} Bg3 {[%clk 1:01:16]} 62. f4
{[%clk 0:01:18]} Bxf4 {[%clk 1:01:44]} 63. Kxf4 {[%clk 0:01:42]} 1/2-1/2

[Event "Ch_SFO"]
[Site "?"]
[Date "2018.03.20"]
[Round "8.17"]
[White "Boichuk, Alexei"]
[Black "Beletsky, Alexey"]
[Result "1-0"]
[BlackElo "2370"]
[WhiteElo "2125"]
[LiveChessVersion "1.4.8"]

1. d4 {[%clk 1:30:58]} Nf6 {[%clk 1:29:06]} 2. c4 {[%clk 1:31:22]} g6
{[%clk 1:29:25]} 3. Nc3 {[%clk 1:31:45]} Bg7 {[%clk 1:29:43]} 4. e4
{[%clk 1:31:57]} d6 {[%clk 1:30:09]} 5. f4 {[%clk 1:31:44]} O-O {[%clk 1:30:25]}
6. Nf3 {[%clk 1:32:06]} c5 {[%clk 1:30:42]} 7. d5 {[%clk 1:32:27]} b5
{[%clk 1:28:43]} 8. cxb5 {[%clk 1:30:53]} a6 {[%clk 1:29:08]} 9. a4
{[%clk 1:22:35]} axb5 {[%clk 1:15:35]} 10. Bxb5 {[%clk 1:22:53]} Na6
{[%clk 1:15:44]} 11. O-O {[%clk 1:21:45]} Nb4 {[%clk 1:15:59]} 12. h3
{[%clk 1:11:21]} Ba6 {[%clk 1:13:35]} 13. Bxa6 {[%clk 1:10:51]} Rxa6
{[%clk 1:13:52]} 14. Be3 {[%clk 1:11:13]} Qb8 {[%clk 1:09:59]} 15. Qe2
{[%clk 1:00:57]} Qb7 {[%clk 1:09:16]} 16. Rfd1 {[%clk 0:59:59]} Rfa8
{[%clk 1:07:39]} 17. Rac1 {[%clk 0:48:05]} Nd7 {[%clk 0:48:25]} 18. b3
{[%clk 0:48:01]} Nb6 {[%clk 0:47:04]} 19. Nd2 {[%clk 0:47:14]} f5
{[%clk 0:46:08]} 20. Nc4 {[%clk 0:25:22]} fxe4 {[%clk 0:38:23]} 21. Nxb6
{[%clk 0:19:42]} Rxb6 {[%clk 0:38:30]} 22. Nxe4 {[%clk 0:19:20]} Nxd5
{[%clk 0:36:09]} 23. Bxc5 {[%clk 0:15:02]} Nxf4 {[%clk 0:31:39]} 24. Qf2
{[%clk 0:07:46]} Qxe4 {[%clk 0:17:51]} 25. Bxb6 {[%clk 0:08:01]} Rf8
{[%clk 0:16:27]} 26. Re1 {[%clk 0:07:12]} Qd5 {[%clk 0:15:07]} 27. Qc2
{[%clk 0:06:03]} Qg5 {[%clk 0:07:37]} 28. Kh1 {[%clk 0:06:12]} Nh5
{[%clk 0:07:43]} 29. Qc4+ {[%clk 0:04:49]} Kh8 {[%clk 0:08:07]} 30. Qg4
{[%clk 0:04:40]} Qd5 {[%clk 0:08:08]} 31. Rxe7 {[%clk 0:01:33]} Be5
{[%clk 0:07:59]} 32. Kg1 {[%clk 0:01:04]} Nf4 {[%clk 0:06:36]} 33. Re1
{[%clk 0:00:57]} h5 {[%clk 0:04:28]} 34. R7xe5 {[%clk 0:00:58]} dxe5
{[%clk 0:04:19]} 35. Qg5 {[%clk 0:01:09]} Ne2+ {[%clk 0:02:54]} 36. Kh2
{[%clk 0:01:02]} Qe4 {[%clk 0:02:25]} 37. Bc7 {[%clk 0:00:47]} Rf5
{[%clk 0:02:00]} 38. Qh6+ {[%clk 0:01:11]} Kg8 {[%clk 0:02:27]} 39. Qxg6+
{[%clk 0:01:33]} Kh8 {[%clk 0:02:55]} 40. Rxe2 {[%clk 0:01:14]} 1-0

[Event "Ch_SFO"]
[Site "?"]
[Date "2018.03.20"]
[Round "8.18"]
[White "Kalabukhov, Bogdan"]
[Black "Chuldum, Artysh"]
[Result "1-0"]
[BlackElo "2122"]
[WhiteElo "2326"]
[LiveChessVersion "1.4.8"]

1. d4 {[%clk 1:30:59]} Nf6 {[%clk 1:28:46]} 2. c4 {[%clk 1:31:24]} g6
{[%clk 1:28:35]} 3. f3 {[%clk 1:31:49]} Bg7 {[%clk 1:28:54]} 4. e4
{[%clk 1:32:16]} d6 {[%clk 1:29:19]} 5. Nc3 {[%clk 1:32:43]} O-O {[%clk 1:29:44]}
6. Be3 {[%clk 1:33:11]} e5 {[%clk 1:30:09]} 7. Nge2 {[%clk 1:33:21]} Nc6
{[%clk 1:30:14]} 8. d5 {[%clk 1:33:47]} Ne7 {[%clk 1:27:14]} 9. Qd2
{[%clk 1:33:59]} Nh5 {[%clk 1:26:13]} 10. g4 {[%clk 1:33:25]} Nf4
{[%clk 1:22:52]} 11. Nxf4 {[%clk 1:33:23]} exf4 {[%clk 1:23:13]} 12. Bxf4
{[%clk 1:33:50]} f5 {[%clk 1:23:35]} 13. Be2 {[%clk 1:28:12]} fxg4
{[%clk 1:16:58]} 14. fxg4 {[%clk 1:28:37]} Rf7 {[%clk 1:16:51]} 15. O-O-O
{[%clk 1:28:12]} a6 {[%clk 1:16:19]} 16. Rdf1 {[%clk 1:25:33]} Qf8
{[%clk 1:14:24]} 17. Be3 {[%clk 1:22:35]} b5 {[%clk 1:14:04]} 18. h4
{[%clk 1:21:07]} bxc4 {[%clk 1:11:05]} 19. Rxf7 {[%clk 1:20:44]} Qxf7
{[%clk 1:11:16]} 20. Rf1 {[%clk 1:21:05]} Qe8 {[%clk 1:11:39]} 21. h5
{[%clk 1:21:19]} Bd7 {[%clk 0:57:00]} 22. e5 {[%clk 1:11:04]} Bxe5
{[%clk 0:51:07]} 23. Bh6 {[%clk 1:10:54]} gxh5 {[%clk 0:49:38]} 24. gxh5
{[%clk 1:05:08]} Kh8 {[%clk 0:47:59]} 25. Qg5 {[%clk 1:00:04]} Ng8
{[%clk 0:46:34]} 26. Rf8 {[%clk 1:00:12]} Qxf8 {[%clk 0:47:02]} 27. Bxf8
{[%clk 1:00:41]} Rxf8 {[%clk 0:47:30]} 28. Kd1 {[%clk 0:59:38]} Rf4
{[%clk 0:44:46]} 29. Qd8 {[%clk 0:54:12]} Bh3 {[%clk 0:45:08]} 30. Kd2
{[%clk 0:37:12]} Bf6 {[%clk 0:43:30]} 31. Qxc7 {[%clk 0:37:05]} Bg5
{[%clk 0:43:58]} 32. Kc2 {[%clk 0:37:03]} Bf5+ {[%clk 0:40:40]} 33. Kd1
{[%clk 0:37:24]} Rd4+ {[%clk 0:28:12]} 34. Ke1 {[%clk 0:37:42]} Bh4+
{[%clk 0:28:19]} 35. Kf1 {[%clk 0:38:07]} Bh3+ {[%clk 0:28:47]} 36. Kg1
{[%clk 0:38:31]} Bg3 {[%clk 0:29:13]} 37. Qb6 {[%clk 0:29:44]} Be5
{[%clk 0:28:25]} 38. Qxa6 {[%clk 0:29:44]} Rd2 {[%clk 0:26:57]} 39. Qxc4
{[%clk 0:28:53]} Rxb2 {[%clk 0:27:22]} 40. Ne4 {[%clk 0:28:06]} Bd7
{[%clk 0:24:21]} 41. Nxd6 {[%clk 0:26:18]} Nh6 {[%clk 0:18:23]} 42. Qe4
{[%clk 0:25:10]} Bf6 {[%clk 0:18:00]} 43. Bd3 {[%clk 0:25:26]} Nf5
{[%clk 0:14:47]} 44. Nxf5 {[%clk 0:25:43]} Rxa2 {[%clk 0:15:16]} 45. Nd6
{[%clk 0:25:54]} Ra1+ {[%clk 0:15:17]} 46. Kg2 {[%clk 0:26:08]} Ra2+
{[%clk 0:15:11]} 47. Kf3 {[%clk 0:26:29]} 1-0

[Event "Ch_SFO"]
[Site "?"]
[Date "2018.03.20"]
[Round "8.19"]
[White "Malezkey, Vladimir"]
[Black "Ergeshov, Timur"]
[Result "0-1"]
[BlackElo "2276"]
[WhiteElo "1952"]
[LiveChessVersion "1.4.8"]

1. d4 {[%clk 1:23:00]} Nf6 {[%clk 1:30:33]} 2. Nf3 {[%clk 1:22:46]} e6
{[%clk 1:30:53]} 3. g3 {[%clk 1:23:07]} b5 {[%clk 1:30:56]} 4. Bg2
{[%clk 1:22:52]} Bb7 {[%clk 1:31:22]} 5. O-O {[%clk 1:22:58]} c5 {[%clk 1:31:40]}
6. a4 {[%clk 1:19:31]} b4 {[%clk 1:32:00]} 7. a5 {[%clk 1:18:18]} Be7
{[%clk 1:28:18]} 8. c4 {[%clk 1:14:58]} cxd4 {[%clk 1:28:17]} 9. b3
{[%clk 1:13:58]} O-O {[%clk 1:27:05]} 10. Bb2 {[%clk 1:13:35]} Na6
{[%clk 1:27:22]} 11. Nbd2 {[%clk 1:11:06]} Nc5 {[%clk 1:24:30]} 12. Nxd4
{[%clk 1:08:17]} Bxg2 {[%clk 1:24:45]} 13. Kxg2 {[%clk 1:08:39]} a6
{[%clk 1:24:20]} 14. Nc2 {[%clk 1:06:57]} Qc7 {[%clk 1:24:17]} 15. Kg1
{[%clk 1:06:00]} Qb7 {[%clk 1:23:47]} 16. Ne3 {[%clk 1:05:21]} Nce4
{[%clk 1:22:40]} 17. Nxe4 {[%clk 1:05:16]} Nxe4 {[%clk 1:23:01]} 18. Ng2
{[%clk 1:02:19]} Rfd8 {[%clk 1:23:20]} 19. Qc2 {[%clk 1:00:44]} Rac8
{[%clk 1:23:23]} 20. f3 {[%clk 0:57:13]} Nc3 {[%clk 1:21:52]} 21. e4
{[%clk 0:55:12]} d5 {[%clk 1:22:14]} 22. Bxc3 {[%clk 0:54:44]} bxc3
{[%clk 1:22:40]} 23. Qxc3 {[%clk 0:51:44]} dxc4 {[%clk 1:23:05]} 24. bxc4
{[%clk 0:50:36]} Bc5+ {[%clk 1:23:30]} 25. Kh1 {[%clk 0:50:45]} Bd4
{[%clk 1:23:55]} 26. Qc2 {[%clk 0:50:46]} Bxa1 {[%clk 1:24:08]} 27. Rxa1
{[%clk 0:51:05]} Qb4 {[%clk 1:24:31]} 28. Ne3 {[%clk 0:48:57]} Rc5
{[%clk 1:24:29]} 29. Ra4 {[%clk 0:48:33]} Qe1+ {[%clk 1:24:44]} 0-1

[Event "Ch_SFO"]
[Site "?"]
[Date "2018.03.20"]
[Round "8.20"]
[White "Nevostrujev, Vladimir"]
[Black "Yangutov, Aleksey"]
[Result "1-0"]
[BlackElo "2100"]
[WhiteElo "2419"]
[LiveChessVersion "1.4.8"]

1. e4 {[%clk 1:30:58]} c5 {[%clk 1:30:53]} 2. Nf3 {[%clk 1:31:27]} Nc6
{[%clk 1:31:12]} 3. d4 {[%clk 1:31:53]} cxd4 {[%clk 1:31:34]} 4. Nxd4
{[%clk 1:32:21]} Nf6 {[%clk 1:31:54]} 5. Nc3 {[%clk 1:32:48]} e5 {[%clk 1:32:10]}
6. Ndb5 {[%clk 1:33:03]} d6 {[%clk 1:32:28]} 7. Bg5 {[%clk 1:33:28]} a6
{[%clk 1:32:52]} 8. Na3 {[%clk 1:33:49]} b5 {[%clk 1:33:16]} 9. Nd5
{[%clk 1:32:43]} Be7 {[%clk 1:33:36]} 10. Bxf6 {[%clk 1:33:04]} Bxf6
{[%clk 1:33:55]} 11. c3 {[%clk 1:32:33]} Bg5 {[%clk 1:34:05]} 12. Nc2
{[%clk 1:30:50]} O-O {[%clk 1:34:25]} 13. a4 {[%clk 1:30:29]} bxa4
{[%clk 1:34:47]} 14. Rxa4 {[%clk 1:30:29]} a5 {[%clk 1:35:11]} 15. Bc4
{[%clk 1:28:51]} Rb8 {[%clk 1:34:56]} 16. b3 {[%clk 1:28:10]} Kh8
{[%clk 1:34:43]} 17. Nce3 {[%clk 1:26:25]} Be6 {[%clk 1:34:18]} 18. O-O
{[%clk 1:24:54]} g6 {[%clk 1:23:19]} 19. Qd3 {[%clk 1:07:50]} f5 {[%clk 1:13:36]}
20. Rfa1 {[%clk 1:06:42]} Qd7 {[%clk 1:09:13]} 21. f3 fxe4 {[%clk 1:00:40]} 22.
Qxe4 {[%clk 0:56:32]} Qa7 {[%clk 0:59:57]} 23. Kh1 {[%clk 0:56:04]} Qc5
{[%clk 0:58:33]} 24. Nc7 {[%clk 0:45:20]} Bxc4 {[%clk 0:48:47]} 25. Nxc4
{[%clk 0:45:10]} Rf4 {[%clk 0:29:10]} 26. Qe1 {[%clk 0:40:15]} Bh4
{[%clk 0:07:00]} 27. Qd1 {[%clk 0:32:26]} Qf2 {[%clk 0:04:19]} 28. Nd5
{[%clk 0:26:37]} Rff8 {[%clk 0:04:20]} 29. Nce3 {[%clk 0:26:20]} Bg5
{[%clk 0:04:07]} 30. R1a2 {[%clk 0:25:34]} Bxe3 {[%clk 0:04:21]} 31. Rxf2
{[%clk 0:26:01]} Bxf2 {[%clk 0:04:45]} 32. g3 {[%clk 0:23:19]} Bc5
{[%clk 0:05:10]} 33. Kg2 {[%clk 0:23:23]} Rf7 34. h4 {[%clk 0:17:37]} Rfb7
{[%clk 0:04:55]} 35. h5 {[%clk 0:16:52]} Rxb3 {[%clk 0:03:28]} 36. hxg6
{[%clk 0:16:04]} Rb2+ {[%clk 0:03:54]} 37. Kh3 {[%clk 0:16:08]} Rb1
{[%clk 0:02:43]} 38. Rh4 {[%clk 0:15:22]} R8b7 {[%clk 0:01:40]} 39. Qxb1 1-0

[Event "Ch_SFO"]
[Site "?"]
[Date "2018.03.21"]
[Round "9.1"]
[White "Smagina, Sofya"]
[Black "Maletina, Tatiana"]
[Result "0-1"]
[BlackElo "2214"]
[WhiteElo "1988"]
[LiveChessVersion "1.4.8"]

1. d4 {[%clk 1:29:28]} e6 {[%clk 1:30:47]} 2. c4 {[%clk 1:29:53]} f5
{[%clk 1:31:13]} 3. Nf3 {[%clk 1:30:20]} Nf6 {[%clk 1:31:36]} 4. Nc3
{[%clk 1:30:47]} Bb4 {[%clk 1:31:34]} 5. Qb3 {[%clk 1:28:23]} Qe7
{[%clk 1:31:58]} 6. Bd2 {[%clk 1:27:42]} b6 {[%clk 1:32:05]} 7. a3
{[%clk 1:27:24]} Bxc3 {[%clk 1:31:52]} 8. Bxc3 {[%clk 1:27:45]} Bb7
{[%clk 1:32:18]} 9. e3 {[%clk 1:27:28]} O-O {[%clk 1:31:59]} 10. Bd3
{[%clk 1:23:08]} d6 {[%clk 1:25:08]} 11. O-O-O {[%clk 1:20:42]} Nbd7
{[%clk 1:24:48]} 12. Qc2 {[%clk 1:18:18]} Ne4 {[%clk 1:24:47]} 13. Ne1
{[%clk 1:14:17]} a5 {[%clk 1:22:54]} 14. f3 {[%clk 1:13:20]} Nxc3
{[%clk 1:23:18]} 15. Qxc3 {[%clk 1:12:38]} e5 {[%clk 1:23:44]} 16. Nc2
{[%clk 1:10:20]} e4 {[%clk 1:16:44]} 17. Be2 {[%clk 1:06:05]} d5 {[%clk 1:16:35]}
18. f4 {[%clk 1:03:51]} Ba6 {[%clk 1:14:24]} 19. Rhe1 {[%clk 0:56:05]} Qf7
{[%clk 1:14:05]} 20. cxd5 {[%clk 0:51:20]} Bxe2 {[%clk 1:14:30]} 21. Rxe2
{[%clk 0:51:46]} Nf6 {[%clk 1:14:47]} 22. a4 {[%clk 0:37:18]} Nxd5
{[%clk 1:13:39]} 23. Qb3 {[%clk 0:37:14]} Kh8 {[%clk 1:14:01]} 24. Kb1
{[%clk 0:34:45]} c6 {[%clk 1:07:11]} 25. Na3 {[%clk 0:29:13]} b5 {[%clk 1:01:30]}
26. Rc1 {[%clk 0:27:20]} Qh5 {[%clk 0:47:55]} 27. Rd2 {[%clk 0:17:17]} bxa4
{[%clk 0:46:50]} 28. Qxa4 {[%clk 0:17:27]} Nxe3 {[%clk 0:46:31]} 29. Qxc6
{[%clk 0:17:36]} Qxh2 {[%clk 0:46:42]} 30. d5 {[%clk 0:11:17]} Qxf4
{[%clk 0:46:34]} 31. d6 {[%clk 0:11:38]} Ng4 {[%clk 0:42:26]} 32. Rd4
{[%clk 0:03:31]} Ne5 {[%clk 0:42:09]} 33. Qb7 {[%clk 0:02:40]} Rab8
{[%clk 0:40:53]} 34. Qa6 {[%clk 0:01:09]} Qf2 {[%clk 0:38:47]} 35. Nc2
{[%clk 0:01:26]} Nd3 {[%clk 0:38:58]} 36. Rxd3 {[%clk 0:01:28]} exd3
{[%clk 0:39:24]} 37. Qxd3 {[%clk 0:01:53]} Qxg2 {[%clk 0:39:45]} 38. Re1
{[%clk 0:01:42]} f4 {[%clk 0:39:17]} 39. d7 {[%clk 0:01:48]} f3 {[%clk 0:38:15]}
40. Qe4 {[%clk 0:01:08]} Qd2 {[%clk 0:34:33]} 41. Rh1 {[%clk 0:01:18]} h6
{[%clk 0:34:53]} 42. Qe5 {[%clk 0:01:05]} f2 {[%clk 0:34:41]} 43. Ne3
{[%clk 0:01:33]} Qe1+ {[%clk 0:33:55]} 0-1

[Event "Ch_SFO"]
[Site "?"]
[Date "2018.03.21"]
[Round "9.2"]
[White "Loskutova, Viktoriya"]
[Black "Matiukova, Uliana"]
[Result "1/2-1/2"]
[BlackElo "1986"]
[WhiteElo "2027"]
[LiveChessVersion "1.4.8"]

1. e4 {[%clk 1:30:58]} c5 {[%clk 1:30:56]} 2. Nf3 {[%clk 1:31:25]} d6
{[%clk 1:31:21]} 3. Bb5+ {[%clk 1:31:51]} Nd7 {[%clk 1:31:44]} 4. O-O
{[%clk 1:32:17]} a6 {[%clk 1:32:04]} 5. Bd3 {[%clk 1:32:45]} Ngf6
{[%clk 1:32:20]} 6. Re1 {[%clk 1:33:13]} e6 {[%clk 1:32:22]} 7. c3
{[%clk 1:33:10]} b5 {[%clk 1:32:19]} 8. a4 {[%clk 1:33:30]} c4 {[%clk 1:31:59]}
9. Bc2 {[%clk 1:33:50]} Bb7 {[%clk 1:32:20]} 10. d4 {[%clk 1:33:52]} cxd3
{[%clk 1:31:39]} 11. Bxd3 {[%clk 1:34:11]} bxa4 {[%clk 1:31:59]} 12. Bc2
{[%clk 1:21:52]} Be7 {[%clk 1:30:18]} 13. Nbd2 {[%clk 1:19:03]} O-O
{[%clk 1:29:25]} 14. Bxa4 {[%clk 1:16:09]} Qc7 {[%clk 1:27:14]} 15. Bc2
{[%clk 1:14:18]} Rfb8 {[%clk 1:23:57]} 16. Nd4 {[%clk 1:06:01]} d5
{[%clk 1:16:42]} 17. exd5 {[%clk 1:05:02]} Bxd5 {[%clk 1:11:18]} 18. Bd3
{[%clk 1:01:04]} Nc5 {[%clk 1:10:08]} 19. Bf1 {[%clk 1:01:28]} e5
{[%clk 1:02:13]} 20. Nf5 {[%clk 1:01:02]} Bf8 {[%clk 1:02:36]} 21. Ne3
{[%clk 0:57:29]} Bb7 {[%clk 0:47:09]} 22. Ng4 {[%clk 0:50:49]} Nxg4
{[%clk 0:43:13]} 23. Qxg4 {[%clk 0:51:17]} a5 {[%clk 0:43:18]} 24. Qh5
{[%clk 0:41:23]} e4 {[%clk 0:39:23]} 25. Rb1 {[%clk 0:27:57]} Re8
{[%clk 0:34:48]} 26. Bb5 {[%clk 0:18:59]} Re6 {[%clk 0:30:43]} 27. Nf1
{[%clk 0:19:05]} Nd3 {[%clk 0:26:38]} 28. Bxd3 {[%clk 0:18:10]} exd3
{[%clk 0:27:02]} 29. Rxe6 {[%clk 0:16:01]} fxe6 {[%clk 0:27:27]} 30. Be3
{[%clk 0:12:36]} a4 {[%clk 0:26:05]} 31. Rd1 {[%clk 0:12:03]} Be4
{[%clk 0:18:47]} 32. Bd4 {[%clk 0:08:32]} Bg6 {[%clk 0:15:08]} 33. Qe5
{[%clk 0:06:01]} Qxe5 {[%clk 0:14:43]} 34. Bxe5 {[%clk 0:06:30]} Ra5
{[%clk 0:13:54]} 35. Bd4 {[%clk 0:05:18]} e5 {[%clk 0:13:48]} 36. Be3
{[%clk 0:05:44]} Rb5 {[%clk 0:11:41]} 37. Bc1 {[%clk 0:03:46]} a3
{[%clk 0:08:37]} 38. bxa3 {[%clk 0:04:08]} Rb3 {[%clk 0:08:52]} 39. Re1
{[%clk 0:02:51]} Rxc3 {[%clk 0:07:51]} 40. Bb2 {[%clk 0:02:42]} Rc2
{[%clk 0:08:06]} 41. Bxe5 {[%clk 0:02:15]} Bc5 {[%clk 0:04:35]} 42. Bg3
{[%clk 0:02:11]} Bxa3 {[%clk 0:04:10]} 43. Bf4 {[%clk 0:02:14]} Bc5
{[%clk 0:03:08]} 44. Bd2 {[%clk 0:01:19]} Bd4 {[%clk 0:02:56]} 45. Rc1
{[%clk 0:01:17]} Kf7 {[%clk 0:01:18]} 46. Re1 {[%clk 0:00:52]} Bc3
{[%clk 0:01:09]} 47. Bxc3 {[%clk 0:01:17]} Rxc3 {[%clk 0:01:34]} 48. Rd1
{[%clk 0:01:39]} Ke6 {[%clk 0:01:29]} 49. f3 {[%clk 0:01:31]} Kd5
{[%clk 0:01:13]} 1/2-1/2

[Event "Ch_SFO"]
[Site "?"]
[Date "2018.03.21"]
[Round "9.3"]
[White "Orshonova, Elena"]
[Black "Petrukhina, Olga"]
[Result "1-0"]
[BlackElo "2133"]
[WhiteElo "2024"]
[LiveChessVersion "1.4.8"]

1. e4 {[%clk 1:30:58]} c6 {[%clk 1:30:59]} 2. d4 {[%clk 1:30:18]} d5
{[%clk 1:31:28]} 3. exd5 {[%clk 1:30:34]} cxd5 {[%clk 1:31:57]} 4. Nf3
{[%clk 1:30:56]} Nf6 {[%clk 1:32:23]} 5. c3 {[%clk 1:30:50]} Nc6 {[%clk 1:32:16]}
6. Bd3 {[%clk 1:30:13]} Qc7 {[%clk 1:27:36]} 7. O-O {[%clk 1:30:28]} g6
{[%clk 1:25:52]} 8. Re1 {[%clk 1:30:18]} Bg4 {[%clk 1:19:11]} 9. h3
{[%clk 1:30:21]} Bf5 {[%clk 1:17:33]} 10. Ne5 {[%clk 1:29:11]} Bxd3
{[%clk 0:56:47]} 11. Qxd3 {[%clk 1:29:35]} Bg7 {[%clk 0:54:12]} 12. Bf4
{[%clk 1:29:44]} Qc8 {[%clk 0:53:25]} 13. Nd2 {[%clk 1:29:26]} e6
{[%clk 0:52:41]} 14. a4 {[%clk 1:21:04]} O-O {[%clk 0:50:52]} 15. a5
{[%clk 1:20:50]} Nxe5 {[%clk 0:49:35]} 16. Bxe5 {[%clk 1:21:13]} Qc6
{[%clk 0:49:39]} 17. a6 {[%clk 1:15:52]} b6 {[%clk 0:48:53]} 18. b4
{[%clk 1:10:51]} Rfc8 {[%clk 0:41:45]} 19. Re3 {[%clk 1:00:07]} Ne8
{[%clk 0:40:33]} 20. b5 {[%clk 0:58:15]} Qd7 {[%clk 0:40:47]} 21. h4
{[%clk 0:49:46]} Bxe5 {[%clk 0:30:18]} 22. dxe5 {[%clk 0:45:20]} Rc5
{[%clk 0:27:03]} 23. Rb1 {[%clk 0:45:36]} Rac8 {[%clk 0:26:18]} 24. h5
{[%clk 0:44:21]} Rxc3 {[%clk 0:20:52]} 25. Qxc3 {[%clk 0:44:19]} Rxc3
{[%clk 0:21:21]} 26. Rxc3 {[%clk 0:44:42]} d4 {[%clk 0:10:21]} 27. Rc6
{[%clk 0:42:56]} Kg7 {[%clk 0:07:54]} 28. hxg6 {[%clk 0:43:14]} hxg6
{[%clk 0:08:23]} 29. Nf3 {[%clk 0:34:27]} d3 {[%clk 0:05:09]} 30. Rb2
{[%clk 0:31:20]} g5 {[%clk 0:04:14]} 31. Rc4 {[%clk 0:28:46]} Qd5
{[%clk 0:02:46]} 32. Rd4 {[%clk 0:26:20]} Qc5 {[%clk 0:03:03]} 33. Rb3
{[%clk 0:26:03]} d2 {[%clk 0:00:53]} 34. Rbd3 {[%clk 0:22:49]} Qxb5
{[%clk 0:01:11]} 35. Rxd2 {[%clk 0:23:00]} Qxa6 {[%clk 0:00:59]} 36. Nxg5
{[%clk 0:22:44]} Nc7 {[%clk 0:00:35]} 37. f4 {[%clk 0:18:25]} Nd5
{[%clk 0:00:57]} 38. f5 {[%clk 0:17:59]} Qa1+ {[%clk 0:00:54]} 39. Kh2
{[%clk 0:18:25]} Qe1 {[%clk 0:01:03]} 40. Nf3 {[%clk 0:18:25]} Qe3
{[%clk 0:00:47]} 41. f6+ {[%clk 0:18:35]} Nxf6 {[%clk 0:00:38]} 42. exf6+
{[%clk 0:18:53]} Kxf6 {[%clk 0:01:04]} 43. Rd7 {[%clk 0:19:07]} Qf4+
{[%clk 0:01:17]} 44. Kg1 {[%clk 0:18:54]} Qe3+ {[%clk 0:01:23]} 45. Rf2
{[%clk 0:18:50]} Qc1+ {[%clk 0:01:48]} 46. Rf1 {[%clk 0:18:46]} Qe3+
{[%clk 0:02:03]} 47. Kh1 {[%clk 0:19:04]} Qh6+ {[%clk 0:01:14]} 48. Nh2+
{[%clk 0:19:31]} Ke5 {[%clk 0:00:56]} 49. Rdxf7 {[%clk 0:19:32]} a5
{[%clk 0:00:48]} 50. Rb7 {[%clk 0:19:57]} Kd5 {[%clk 0:00:36]} 51. Rxb6
{[%clk 0:20:19]} Kc5 {[%clk 0:00:41]} 52. Ra6 {[%clk 0:20:42]} Kb5
{[%clk 0:01:06]} 53. Ra8 {[%clk 0:21:04]} Kb4 {[%clk 0:00:54]} 54. Rb1+
{[%clk 0:21:20]} Kc3 {[%clk 0:00:38]} 55. Rxa5 {[%clk 0:21:42]} Kc4
{[%clk 0:00:39]} 56. Rf1 {[%clk 0:21:59]} Kd4 {[%clk 0:00:47]} 57. Rd1+
{[%clk 0:21:42]} Ke4 {[%clk 0:00:43]} 58. Re1+ {[%clk 0:22:06]} Kf4
{[%clk 0:00:39]} 59. Rae5 {[%clk 0:21:52]} Kg3 {[%clk 0:00:39]} 60. R5e3+
{[%clk 0:22:12]} Kf4 {[%clk 0:00:34]} 61. Rxe6 {[%clk 0:22:34]} Qh8
{[%clk 0:00:36]} 62. Rf1+ {[%clk 0:22:54]} Kg5 {[%clk 0:00:53]} 63. Re3
{[%clk 0:22:58]} Qb8 {[%clk 0:01:04]} 64. Re4 {[%clk 0:23:09]} Qb5
{[%clk 0:00:41]} 65. Rg4+ {[%clk 0:23:24]} Kh5 {[%clk 0:00:48]} 66. g3
{[%clk 0:21:28]} Qc6+ {[%clk 0:00:48]} 67. Kg1 {[%clk 0:21:34]} Qc2
{[%clk 0:00:36]} 68. Rf2 {[%clk 0:21:46]} Qc6 {[%clk 0:00:52]} 69. Rh4+
{[%clk 0:21:56]} Kg6 {[%clk 0:00:47]} 70. Nf3 {[%clk 0:22:15]} Qc1+
{[%clk 0:00:46]} 71. Kg2 {[%clk 0:22:39]} Qc8 {[%clk 0:00:35]} 72. g4
{[%clk 0:22:51]} Qa8 {[%clk 0:00:36]} 73. Rh5 {[%clk 0:22:55]} Qb7
{[%clk 0:00:53]} 74. Kg3 {[%clk 0:23:05]} Qb3 {[%clk 0:01:17]} 75. Rd2
{[%clk 0:23:10]} Qb8+ {[%clk 0:01:13]} 76. Re5 {[%clk 0:23:16]} Kf6
{[%clk 0:01:08]} 77. Rd4 {[%clk 0:22:12]} Qc7 {[%clk 0:01:15]} 78. Rf4+
{[%clk 0:22:32]} Kg7 {[%clk 0:01:12]} 79. Re6 {[%clk 0:22:43]} Qb8
{[%clk 0:01:12]} 80. g5 {[%clk 0:22:56]} Qc7 {[%clk 0:01:03]} 81. Ne5
{[%clk 0:22:32]} Qc3+ {[%clk 0:01:17]} 82. Kg4 {[%clk 0:22:54]} Qc8
{[%clk 0:01:14]} 83. Rff6 {[%clk 0:23:07]} Kg8 {[%clk 0:00:39]} 84. Kh5
{[%clk 0:23:14]} Qa8 {[%clk 0:00:56]} 85. Kg6 {[%clk 0:22:51]} Qe4+
{[%clk 0:00:36]} 86. Rf5 {[%clk 0:23:11]} Qa4 {[%clk 0:00:36]} 87. Ref6
{[%clk 0:22:55]} Qe8+ {[%clk 0:00:34]} 88. Kh6 {[%clk 0:23:04]} 1-0